Statistics for Assassins Creed A-Z

Click here to take the quiz!

General Stats

  • This quiz has been taken 1,053 times
    (1,002 since last reset)
  • The average score is 16 of 26

Answer Stats

A-ZHintAnswer% Correct
IEzio Auditore's countryItaly
92%
EThe animal that the assassins are associated withEagle
90%
CRatonhnhake':ton's other nameConnor
88%
HThe weapon that the assassins useHidden Blade
88%
AA golden, powerful artifactApple of Eden
86%
KSurname of Edward, Haytham and Ratonhnhake':tonKenway
86%
RFinal game for Ezio's storyRevelations
84%
TThe enemies of the Assassin BrotherhoodTemplars
84%
DMain-Protagonist 1-3Desmond Miles
83%
PThe Jackdaw is a _______ shipPirate
83%
UTitle for the 2014 video gameUnity
83%
LEzio Auditore's clever Best-FriendLeonardo Da Vinci
81%
VItalian cityVenice
78%
XA main console for Assassin's CreedXbox 360
64%
ZHook blade allows Ezio to travel by _______Zipline
63%
GEzio Auditore's FatherGiovanni
61%
FA collectable for assassinsFeathers
58%
MThe name of Altair's assassin HQMasyaf
43%
QBlackbeard's pirate ship nameQueen Anne's Revenge
42%
JThe central antagonistJuno
37%
BTemplar soldiers from IstanbulByzantine
33%
NVoice Actor of Desmond MilesNolan North
32%
WThe old man working for AbstergoWarren Vidic
29%
YEzio Auditore's friend from IstanbulYusuf Tazim
23%
SEzio Auditore's wifeSofia Sartor
22%
OAble to go ______ since AC BrotherhoodOnline
18%

Score Distribution

Percentile by Number Answered

Percent of People with Each Score

Your Score History

You have not taken this quiz since the last reset